000 01266nam a2200313Ia 4500
001 ebr10273832
003 CaPaEBR
006 m u
007 cr cn|||||||||
008 071108s2008 enk sb 001 0 eng d
010 _z 2007046405
020 _z9780754658146 (alk. paper)
040 _aCaPaEBR
_cCaPaEBR
035 _a(OCoLC)646793703
050 1 4 _aD288
_b.F57 2008eb
245 0 4 _aThe fiscal military state in eighteenth-century Europe
_h[electronic resource] /
_c[edited] by Christopher Storrs.
260 _aAldershot, Hants, England ;
_aBurlington, VT :
_bAshgate,
_c2008.
300 _axii, 245 p.
504 _aIncludes bibliographical references and index.
533 _aElectronic reproduction.
_bPalo Alto, Calif. :
_cebrary,
_d2009.
_nAvailable via World Wide Web.
_nAccess may be limited to ebrary affiliated libraries.
650 0 _aFiscal policy
_zEurope
_xHistory
_y18th century.
650 0 _aState, The.
651 0 _aEurope
_xHistory
_y18th century.
651 0 _aEurope
_xMilitary policy.
655 7 _aElectronic books.
_2local
700 1 _aStorrs, Christopher.
710 2 _aebrary, Inc.
856 4 0 _uhttp://site.ebrary.com/lib/rucke/Doc?id=10273832
_zAn electronic book accessible through the World Wide Web; click to view
999 _c6416
_d6416